00261nam a2200109Ia 4500008004100000100001900041245003400060260002100094650001400115942000700129999001500136190216s9999||||xx |||||||||||||| ||und|| aStanley L Brue 0aEconomics Of Cycle And Growth bTwice Life Books aEconomics cBK c9465d9465